| 000 | 00525nam a22001577a 4500 | ||
|---|---|---|---|
| 008 | 151002b xxu||||| |||| 00| 0 eng d | ||
| 020 | _a0131444425 | ||
| 050 | _aQA 152.2 .M37 2005 | ||
| 100 |
_aMartin-Gay, Elayn K. _d2005. |
||
| 245 |
_aBeggining an Intermediate Algebra/ _cElayn K. Martin-Gay.- |
||
| 250 | _a3rd ed.: | ||
| 260 |
_aUpper Saddle River; _bPearson Prentice Hall, _c2005. |
||
| 300 |
_axxviii, 895p[53]:ill. _bincludes index, |
||
| 760 | _b3rd ed. | ||
| 942 |
_2lcc _cBOOKS _hQA 152.2 .M37 2005 |
||
| 999 |
_c7117 _d7117 |
||